Normal view
MARC view
- الخطاب السامي لصاحب الجلالة الهاشمية الملك عبد الله الثاني ابن الحسين المعظم
Entry Meeting Name
001 - CONTROL NUMBER
- control field: 65179
003 - CONTROL NUMBER IDENTIFIER
- control field: JO-AjAnu
005 - DATE AND TIME OF LATEST TRANSACTION
- control field: 20240330114951.0
008 - FIXED-LENGTH DATA ELEMENTS
- fixed length control field: 240330|| aca||aabn | a|a d
040 ## - CATALOGING SOURCE
- Original cataloging agency: JO-AjAnu
111 #2 - HEADING--MEETING NAME
- Meeting name or jurisdiction name as entry element: الخطاب السامي لصاحب الجلالة الهاشمية الملك عبد الله الثاني ابن الحسين المعظم
- Location of meeting: الأردن
- Date of meeting or treaty signing: 2022
- Number of part/section/meeting: المجلد 22